[Event "RA Fall op"]
[Site "Ottawa CAN"]
[Date "2019.09.28"]
[Round "2.1"]
[White "Sambuev, Bator"]
[Black "Liang, Jason"]
[Result "1-0"]
[WhiteElo "2583"]
[BlackElo "2310"]
[PlyCount "121"]
[EventDate "2019.09.27"]
[EventType "swiss"]
[EventRounds "5"]
[EventCountry "CAN"]

1. d4 Nf6 2. Nf3 d5 3. c4 e6 4. Nc3 a6 5. e3 b6 6. Bd3 Bb7 7. O-O Bd6 8. cxd5
exd5 9. Ne5 O-O 10. f4 c5 11. Rf3 Ne4 12. Rh3 g6 13. Bd2 Nd7 14. Nxe4 dxe4 15.
Bc4 cxd4 16. Nxf7 Rxf7 17. Bxf7+ Kxf7 18. Rxh7+ Kg8 19. Rh3 Nf6 20. exd4 Qd7
21. Rg3 Kf7 22. Rg5 Nd5 23. Qb3 Qb5 24. Qh3 Rg8 25. f5 Qxb2 26. Rf1 Qxd4+ 27.
Kh1 Qd3 28. fxg6+ Ke8 29. Qxd3 exd3 30. h4 Be7 31. Re1 Kd7 32. Rg4 Bc5 33. Rf1
Be3 34. Rf7+ Kd6 35. Bxe3 Nxe3 36. Rd4+ Bd5 37. h5 Ke5 38. Rxd3 Ke4 39. Rxd5
Kxd5 40. Kh2 Ng4+ 41. Kh3 Ne5 42. Rf6 Nd7 43. Rf5+ Ke6 44. Rf7 b5 45. Kh4 a5
46. Kg5 Nc5 47. Ra7 Ne4+ 48. Kf4 Nf6 49. Ra6+ Ke7 50. Kg5 Ne4+ 51. Kf5 Nd6+ 52.
Ke5 Nc4+ 53. Kf4 Rf8+ 54. Kg5 a4 55. Ra7+ Ke6 56. g7 Rg8 57. h6 Nd6 58. Kg6 Ne8
59. h7 Nf6 60. Ra6+ Ke7 61. Rxf6 1-0

[Event "RA Fall op"]
[Site "Ottawa CAN"]
[Date "2019.09.28"]
[Round "2.3"]
[White "Rodrigue-Lemieux, Shawn"]
[Black "Sadeghi, Saeid"]
[Result "1-0"]
[WhiteElo "2387"]
[BlackElo "2056"]
[PlyCount "71"]
[EventDate "2019.09.27"]
[EventType "swiss"]
[EventRounds "5"]
[EventCountry "CAN"]

1. Nf3 d5 2. g3 Nf6 3. Bg2 Bg4 4. O-O e6 5. b3 Nbd7 6. Bb2 Be7 7. c4 O-O 8. d3
c6 9. Nbd2 Bh5 10. Rc1 Re8 11. Re1 Bf8 12. d4 Bg6 13. Nh4 e5 14. Nxg6 hxg6 15.
cxd5 Nxd5 16. Bxd5 cxd5 17. dxe5 Nxe5 18. Bxe5 Rxe5 19. Nf3 Rh5 20. Qd3 Qb6 21.
g4 Rh6 22. Qxd5 g5 23. Red1 Rd6 24. Qxg5 Rg6 25. Qf5 Rf6 26. Qd5 Rd6 27. Qc4
Rc6 28. Qf4 Rf6 29. Qc7 Qe6 30. Qc4 Qb6 31. g5 Rc6 32. Qf4 Bc5 33. Ne5 Qc7 34.
Rd7 Bxf2+ 35. Kxf2 Qb6+ 36. Kg2 1-0

[Event "RA Fall op"]
[Site "Ottawa CAN"]
[Date "2019.09.28"]
[Round "2.4"]
[White "Plotkin, Victor"]
[Black "Krolczyk, Jacob"]
[Result "1-0"]
[WhiteElo "2403"]
[BlackElo "1801"]
[PlyCount "49"]
[EventDate "2019.09.27"]
[EventType "swiss"]
[EventRounds "5"]
[EventCountry "CAN"]

1. e4 c5 2. Nf3 d6 3. Bb5+ Nd7 4. O-O Ngf6 5. Re1 e5 6. c3 Be7 7. d4 O-O 8.
Nbd2 cxd4 9. cxd4 exd4 10. Nxd4 Ne5 11. N2f3 Bg4 12. h3 Bh5 13. g4 Bg6 14. Nf5
Bxf5 15. exf5 Qa5 16. Nd4 a6 17. Bf1 Nfd7 18. Bf4 Rfe8 19. Bg2 Bh4 20. Re2 Qb6
21. Rc1 Nc5 22. Rc3 h6 23. Be3 Qd8 24. b4 Na4 25. Qxa4 1-0

[Event "RA Fall op"]
[Site "Ottawa CAN"]
[Date "2019.09.28"]
[Round "2.5"]
[White "Yao, Houji"]
[Black "Xu, Daniel"]
[Result "0-1"]
[WhiteElo "2232"]
[BlackElo "2059"]
[PlyCount "56"]
[EventDate "2019.09.27"]
[EventType "swiss"]
[EventRounds "5"]
[EventCountry "CAN"]

1. e4 c5 2. Nf3 d6 3. d4 cxd4 4. Nxd4 Nf6 5. Nc3 a6 6. Be3 e5 7. Nb3 Be6 8. f3
h5 9. Qd2 Nbd7 10. O-O-O Qc7 11. Kb1 b5 12. Be2 Nb6 13. a3 Nc4 14. Bxc4 bxc4
15. Nc1 Rb8 16. N1e2 Qb7 17. Na4 d5 18. Qa5 d4 19. Bc1 Qb5 20. Bd2 Bd7 21. Qxb5
Bxb5 22. Nac3 dxc3 23. Bxc3 Nd7 24. f4 Bc6 25. fxe5 Bxe4 26. Ng3 Bxg2 27. Rhe1
Bh3 28. Ne4 Be6 0-1

[Event "RA Fall op"]
[Site "Ottawa CAN"]
[Date "2019.09.28"]
[Round "3.2"]
[White "Plotkin, Victor"]
[Black "Rodrigue-Lemieux, Shawn"]
[Result "1/2-1/2"]
[WhiteElo "2403"]
[BlackElo "2387"]
[PlyCount "74"]
[EventDate "2019.09.27"]
[EventType "swiss"]
[EventRounds "5"]
[EventCountry "CAN"]

1. e4 c6 2. Nc3 d5 3. Nf3 dxe4 4. Nxe4 Nf6 5. Nxf6+ exf6 6. Bc4 Qe7+ 7. Qe2
Qxe2+ 8. Kxe2 Bd6 9. Re1 O-O 10. Kf1 Nd7 11. d4 Nb6 12. Bb3 Bg4 13. h3 Bxf3 14.
gxf3 Rfe8 15. c4 Rxe1+ 16. Kxe1 c5 17. Be3 cxd4 18. Bxd4 Nd7 19. Rd1 Ne5 20.
Ke2 Bc7 21. c5 Re8 22. Be3 Kf8 23. Bd5 Nc6 24. a3 f5 25. Kf1 Rd8 26. Ke2 Be5
27. Bxc6 Rxd1 28. Bxb7 Rb1 29. b4 Rb3 30. c6 Rxa3 31. b5 Ke8 32. Ba6 Rxe3+ 33.
Kxe3 Kd8 34. Ke2 Kc7 35. Kf1 g5 36. Kg2 h5 37. Kf1 h4 1/2-1/2

[Event "RA Fall op"]
[Site "Ottawa CAN"]
[Date "2019.09.28"]
[Round "3.3"]
[White "Xu, Daniel"]
[Black "Miller, Rachel"]
[Result "0-1"]
[WhiteElo "2059"]
[BlackElo "2103"]
[PlyCount "80"]
[EventDate "2019.09.27"]
[EventType "swiss"]
[EventRounds "5"]
[EventCountry "CAN"]

1. d4 d5 2. c4 e6 3. Nc3 a6 4. cxd5 exd5 5. Bf4 Nf6 6. e3 Be6 7. Bd3 Be7 8.
Nge2 Nbd7 9. O-O O-O 10. Rc1 c6 11. Bb1 Nh5 12. Qd3 g6 13. f3 Nxf4 14. Nxf4 Bf5
15. e4 Bg5 16. Nce2 dxe4 17. fxe4 Bg4 18. h3 Bxe2 19. Qxe2 Nf6 20. Rcd1 Qe7 21.
Qf3 Rfe8 22. Rfe1 Rad8 23. e5 Bxf4 24. Qxf4 Nd5 25. Qh6 Qf8 26. Qg5 Nc7 27. Rf1
Ne6 28. Qg4 Qb4 29. Qf3 Rf8 30. d5 Qc5+ 31. Kh1 Rxd5 32. Rxd5 Qxd5 33. Qf6 Qd8
34. Qf3 Qg5 35. Qe4 Qd2 36. b3 Qd4 37. Qe2 Rd8 38. Bc2 Qc5 39. h4 Qe7 40. g3
Nd4 0-1

[Event "RA Fall op"]
[Site "Ottawa CAN"]
[Date "2019.09.28"]
[Round "3.4"]
[White "Dukic, Zachary"]
[Black "Saha, Ananda"]
[Result "1-0"]
[WhiteElo "2399"]
[BlackElo "2261"]
[PlyCount "79"]
[EventDate "2019.09.27"]
[EventType "swiss"]
[EventRounds "5"]
[EventCountry "CAN"]

1. e4 e6 2. d4 d5 3. Nc3 Nf6 4. e5 Nfd7 5. f4 c5 6. Nf3 Nc6 7. Be3 cxd4 8. Nxd4
Bc5 9. Qd2 O-O 10. O-O-O a6 11. Qf2 Bxd4 12. Bxd4 b5 13. Be3 Bb7 14. Kb1 Rc8
15. h4 Qa5 16. h5 b4 17. Ne2 b3 18. cxb3 d4 19. Bd2 Qb6 20. Ng3 Nc5 21. Bc4 a5
22. h6 g6 23. Qe1 a4 24. b4 a3 25. b3 Na4 26. Ne4 Nb2 27. Rc1 Nb8 28. Nd6 Nxc4
29. bxc4 Rc7 30. b5 Qa7 31. Ba5 Rc5 32. Bb4 Nd7 33. Rh3 Bxg2 34. Rxa3 Qb8 35.
Qf2 Bb7 36. Qxd4 Rc7 37. Nxb7 Qxb7 38. Bxf8 Kxf8 39. Rb3 Nc5 40. Qd8# 1-0

[Event "RA Fall op"]
[Site "Ottawa CAN"]
[Date "2019.09.28"]
[Round "3.5"]
[White "Liang, Jason"]
[Black "Mahdjoubi, Abdelaziz"]
[Result "1-0"]
[WhiteElo "2310"]
[BlackElo "2038"]
[PlyCount "45"]
[EventDate "2019.09.27"]
[EventType "swiss"]
[EventRounds "5"]
[EventCountry "CAN"]

1. e4 e5 2. Nf3 Nc6 3. Bb5 a6 4. Ba4 Nf6 5. d3 b5 6. Bb3 Bc5 7. O-O d6 8. c3
Bg4 9. Nbd2 d5 10. exd5 Nxd5 11. h3 h5 12. Re1 Kf8 13. Ne4 Bb6 14. hxg4 hxg4
15. Nfg5 g3 16. Nxg3 Bxf2+ 17. Kxf2 Qf6+ 18. Qf3 Nf4 19. Bxf4 exf4 20. N3e4 Qf5
21. Nxf7 Rh5 22. d4 Qd7 23. Qxh5 1-0

[Event "RA Fall op"]
[Site "Ottawa CAN"]
[Date "2019.09.28"]
[Round "3.6"]
[White "Krolczyk, Jacob"]
[Black "Yao, Houji"]
[Result "0-1"]
[WhiteElo "1801"]
[BlackElo "2232"]
[PlyCount "82"]
[EventDate "2019.09.27"]
[EventType "swiss"]
[EventRounds "5"]
[EventCountry "CAN"]

1. e4 c5 2. Nf3 e6 3. d3 Nc6 4. g3 Be7 5. Nbd2 e5 6. Nc4 d6 7. a4 Be6 8. b3 Nf6
9. Bg2 O-O 10. Ng5 Bg4 11. f3 Bd7 12. f4 Bg4 13. Bf3 Bc8 14. Bg2 exf4 15. Bxf4
d5 16. exd5 Nxd5 17. Qh5 Nf6 18. Qe2 Nd4 19. Qd2 Nd5 20. O-O-O Nb4 21. Kb2
Ndxc2 22. Ne4 Bg4 23. h3 Bxd1 24. Rxd1 Nd4 25. g4 Ne6 26. Bd6 b6 27. g5 Rc8 28.
h4 Bxd6 29. Nexd6 Rc7 30. Be4 Nd4 31. h5 Rd7 32. Qh2 Qxg5 33. Rg1 Qf6 34. Bxh7+
Kxh7 35. Ne4 Qh6 36. Qh3 Rd5 37. Ncd6 Rxh5 38. Qg4 f5 39. Ng5+ Kg8 40. Ngf7
fxg4 41. Nxh6+ Rxh6 0-1

[Event "RA Fall op"]
[Site "Ottawa CAN"]
[Date "2019.09.29"]
[Round "4.2"]
[White "Sambuev, Bator"]
[Black "Miller, Rachel"]
[Result "1-0"]
[WhiteElo "2583"]
[BlackElo "2103"]
[PlyCount "105"]
[EventDate "2019.09.27"]
[EventType "swiss"]
[EventRounds "5"]
[EventCountry "CAN"]

1. d4 d5 2. c4 e6 3. Nc3 a6 4. e3 Nf6 5. Nf3 dxc4 6. Bxc4 b5 7. Bb3 Bb7 8. O-O
c5 9. e4 Be7 10. e5 Nd5 11. Bxd5 Bxd5 12. dxc5 Bb7 13. Qxd8+ Bxd8 14. Re1 Nd7
15. b4 Bc7 16. Bf4 Bxf3 17. gxf3 g5 18. Bg3 h5 19. h3 O-O-O 20. Rac1 Rhg8 21.
Ne4 h4 22. Nd6+ Bxd6 23. cxd6+ Kb8 24. Bh2 Rc8 25. Kf1 Rxc1 26. Rxc1 Rc8 27.
Rxc8+ Kxc8 28. Ke2 Nb6 29. f4 Nd5 30. a3 gxf4 31. Kf3 f6 32. exf6 Nxf6 33. Bxf4
Kd7 34. Bg5 Nd5 35. Bxh4 Kxd6 36. Bg5 Nb6 37. Ke4 Nc4 38. Bc1 Ke7 39. h4 Kf6
40. h5 Nd6+ 41. Kd4 Nb7 42. Bf4 Kf5 43. Bc7 Kg5 44. Ke5 Kxh5 45. Kxe6 Kg4 46.
Kd5 Kf3 47. Kc6 Na5+ 48. Bxa5 Kxf2 49. Kb6 Ke3 50. Kxa6 Kd4 51. Kxb5 Kc3 52.
Bb6 Kb3 53. a4 1-0

[Event "RA Fall op"]
[Site "Ottawa CAN"]
[Date "2019.09.29"]
[Round "4.3"]
[White "Liang, Jason"]
[Black "Plotkin, Victor"]
[Result "1/2-1/2"]
[WhiteElo "2310"]
[BlackElo "2403"]
[PlyCount "221"]
[EventDate "2019.09.27"]
[EventType "swiss"]
[EventRounds "5"]
[EventCountry "CAN"]

1. e4 e5 2. Nf3 Nf6 3. Nxe5 d6 4. Nf3 Nxe4 5. d3 Nf6 6. d4 Bg4 7. Bd3 Nc6 8. c3
Qe7+ 9. Kd2 O-O-O 10. Kc2 Qd7 11. Nbd2 d5 12. Re1 Bd6 13. Nf1 Ne4 14. Qe2 Rde8
15. Ne3 Bh5 16. Qf1 Qe6 17. Nh4 Qf6 18. Nhf5 Bg6 19. f3 Bxf5 20. Nxd5 Qg6 21.
g4 Ng3 22. Rxe8+ Rxe8 23. gxf5 Nxf1 24. fxg6 Nxh2 25. gxf7 Rf8 26. Bxh7 Nxf3
27. Bg6 Nh4 28. Bh5 g6 29. Bg4+ Nf5 30. Bg5 Rxf7 31. Re1 b6 32. Re6 Kb7 33.
Rxg6 Nfe7 34. Nxe7 Rf2+ 35. Kb3 Bxe7 36. Bxe7 Nxe7 37. Re6 Nc6 38. Be2 Na5+ 39.
Kc2 Nc4 40. b3 Nd6 41. Kd3 b5 42. c4 bxc4+ 43. bxc4 Kc8 44. c5 Nf7 45. Bg4 Kb7
46. a4 Rf4 47. Be2 Nd8 48. Rh6 Rf7 49. Ke3 Re7+ 50. Kd2 Rf7 51. Ba6+ Kb8 52.
Rh8 Rd7 53. Kc3 c6 54. Bc4 Kc7 55. Rf8 Rg7 56. Rf6 Rh7 57. Kb4 Rh4 58. Kc3 Rh7
59. Rf3 Rg7 60. Rh3 Nb7 61. Kb4 Re7 62. Rf3 Kd7 63. Rf7 Rxf7 64. Bxf7 Kc7 65.
Bg8 Kd7 66. Kc4 Kc7 67. Kc3 Kd7 68. Kb4 Kc7 69. Kb3 Na5+ 70. Kc3 Nb7 71. Kd3
Na5 72. Ke4 Nb7 73. Ke5 Kd7 74. Bc4 Kc7 75. Ke6 Nd8+ 76. Ke7 Nb7 77. Be6 Na5
78. Kf6 Nb7 79. Ke5 Na5 80. Bg8 Nb7 81. Ba2 Kd7 82. Ke4 Kc7 83. Kd3 Na5 84. d5
cxd5 85. Bxd5 Nc6 86. Bxc6 Kxc6 87. Kd4 Kc7 88. Kd5 Kd7 89. a5 Kc7 90. Kc4 Kc6
91. Kb4 Kc7 92. Kb5 Kb7 93. c6+ Kc7 94. Kc5 Kd8 95. Kd6 Kc8 96. Kd5 Kc7 97. Kc5
Kd8 98. Kd4 Kc7 99. Kd5 Kd8 100. Kc4 Kc7 101. Kb5 Kd6 102. a6 Ke7 103. Kc5 Ke6
104. Kc4 Kd6 105. Kb5 Ke7 106. Kc5 Ke6 107. c7 Kd7 108. c8=Q+ Kxc8 109. Kc6 Kb8
110. Kd7 Ka8 111. Kc7 1/2-1/2

[Event "RA Fall op"]
[Site "Ottawa CAN"]
[Date "2019.09.29"]
[Round "4.4"]
[White "Gordon, David"]
[Black "Dukic, Zachary"]
[Result "1-0"]
[WhiteElo "2251"]
[BlackElo "2399"]
[PlyCount "67"]
[EventDate "2019.09.27"]
[EventType "swiss"]
[EventRounds "5"]
[EventCountry "CAN"]

1. d4 Nf6 2. Nf3 g6 3. c4 Bg7 4. Nc3 O-O 5. Bg5 c5 6. d5 h6 7. Bh4 d6 8. Nd2 g5
9. Bg3 Nh5 10. e3 Nxg3 11. hxg3 Bf5 12. g4 Bg6 13. Nf3 Qb6 14. Qd2 Nd7 15.
O-O-O Nf6 16. Bd3 Nxg4 17. Bxg6 fxg6 18. Qc2 Rf5 19. Rd3 Raf8 20. Ne4 Qc7 21.
Ra3 a6 22. Ng3 Rxf3 23. gxf3 Ne5 24. f4 gxf4 25. Ne2 fxe3 26. f4 Nf3 27. Rxe3
Nd4 28. Qxg6 Nf5 29. Rg1 Rf7 30. Rh3 Qa5 31. Nc3 Qb4 32. Rh5 Ne3 33. Rxh6 Nxc4
34. Qh7+ 1-0

[Event "RA Fall op"]
[Site "Ottawa CAN"]
[Date "2019.09.29"]
[Round "4.5"]
[White "Yao, Houji"]
[Black "Donev, Danail"]
[Result "1-0"]
[WhiteElo "2232"]
[BlackElo "2079"]
[PlyCount "81"]
[EventDate "2019.09.27"]
[EventType "swiss"]
[EventRounds "5"]
[EventCountry "CAN"]

1. e4 c5 2. Nf3 d6 3. d4 cxd4 4. Nxd4 Nf6 5. Nc3 a6 6. Bg5 e6 7. f4 h6 8. Bh4
Qc7 9. Qe2 Nc6 10. O-O-O Nxd4 11. Rxd4 b5 12. f5 Bb7 13. g4 Rc8 14. Bg2 e5 15.
Rd3 b4 16. Bxf6 gxf6 17. Nd5 Bxd5 18. Rxd5 h5 19. gxh5 Rxh5 20. h3 Bh6+ 21. Kb1
Rg5 22. Rd3 Ke7 23. Rhd1 Rcg8 24. Bf1 Rd8 25. Rd5 a5 26. Qa6 Rc8 27. Qxd6+ Qxd6
28. Rxd6 Rg1 29. a4 bxa3 30. R6d5 axb2 31. Kxb2 Rb8+ 32. Kc3 Rc8+ 33. Bc4 Rg3+
34. R1d3 Be3 35. Rxa5 Rxh3 36. Kb3 Rb8+ 37. Rb5 Rxb5+ 38. Bxb5 Rg3 39. Kb4 Bf2
40. Rd7+ Ke8 41. Rd2+ 1-0

[Event "RA Fall op"]
[Site "Ottawa CAN"]
[Date "2019.09.29"]
[Round "4.6"]
[White "Sadeghi, Saeid"]
[Black "Xu, Daniel"]
[Result "1-0"]
[WhiteElo "2056"]
[BlackElo "2059"]
[PlyCount "51"]
[EventDate "2019.09.27"]
[EventType "swiss"]
[EventRounds "5"]
[EventCountry "CAN"]

1. d4 Nf6 2. Bg5 Ne4 3. Bf4 c5 4. f3 Qa5+ 5. c3 Nf6 6. d5 Qb6 7. Bc1 e6 8. e4
exd5 9. exd5 Bd6 10. Na3 O-O 11. Bc4 a6 12. Ne2 Qc7 13. Bg5 Nh5 14. Qc2 h6 15.
Bd2 b5 16. Bd3 Bb7 17. c4 b4 18. Nb1 Re8 19. g4 Nf4 20. Bxf4 Bxf4 21. Nd2 Qe5
22. O-O-O d6 23. Nxf4 Qxf4 24. Qa4 Re7 25. Rhe1 Qf6 26. Qe8+ 1-0

[Event "RA Fall op"]
[Site "Ottawa CAN"]
[Date "2019.09.29"]
[Round "5.2"]
[White "Rodrigue-Lemieux, Shawn"]
[Black "Sambuev, Bator"]
[Result "0-1"]
[WhiteElo "2367"]
[BlackElo "2563"]
[PlyCount "126"]
[EventDate "2019.09.27"]
[EventType "swiss"]
[EventRounds "5"]
[EventCountry "CAN"]

1. e4 d5 2. exd5 Nf6 3. c4 e6 4. Nf3 exd5 5. d4 Bb4+ 6. Nc3 O-O 7. Be2 dxc4 8.
O-O Bxc3 9. bxc3 Be6 10. Rb1 Ne4 11. Bd2 Nd7 12. Re1 Re8 13. Bf1 Bd5 14. Rb5 c6
15. Rxb7 Nb6 16. Bg5 Nxg5 17. Rxe8+ Qxe8 18. Nxg5 h6 19. Nf3 Qc8 20. Re7 Be6
21. Qb1 Nd5 22. Rxe6 Qxe6 23. Bxc4 Rd8 24. Qc1 Qe4 25. Ne5 Rb8 26. Bd3 Qf4 27.
Qc2 Re8 28. Bh7+ Kh8 29. Bf5 Re7 30. g3 Qg5 31. h4 Qf6 32. Bd3 Qd6 33. h5 Kg8
34. Qb3 Nb6 35. Bb1 Nd7 36. Qc2 Nf8 37. a4 c5 38. Qd3 cxd4 39. cxd4 Qd5 40. Bc2
Rc7 41. Qd2 Ne6 42. Qd3 Qxd4 43. Qh7+ Kf8 44. Qf5 Qc5 45. Bb3 Qd6 46. Qe4 Kg8
47. Qf5 Ng5 48. Kg2 Qf6 49. Qxf6 gxf6 50. Ng4 Kg7 51. Ne3 Ne6 52. Nf5+ Kh7 53.
Nd6 Rd7 54. Ne8 Rd4 55. Bc2+ Kh8 56. Nxf6 Nc5 57. a5 Kg7 58. Ne8+ Kf8 59. Nc7
Rd2 60. Bb1 Rd7 61. Na8 Ke7 62. g4 Kd6 63. g5 hxg5 0-1

[Event "RA Fall op"]
[Site "Ottawa CAN"]
[Date "2019.09.29"]
[Round "5.3"]
[White "Plotkin, Victor"]
[Black "Yao, Houji"]
[Result "0-1"]
[WhiteElo "2403"]
[BlackElo "2232"]
[PlyCount "62"]
[EventDate "2019.09.27"]
[EventType "swiss"]
[EventRounds "5"]
[EventCountry "CAN"]

1. e4 c5 2. c3 Nf6 3. e5 Nd5 4. d4 e6 5. Nf3 cxd4 6. cxd4 d6 7. Bd3 dxe5 8.
Nxe5 Be7 9. Qh5 g6 10. Qh6 Bf8 11. Qh3 Bg7 12. O-O O-O 13. Nc3 Nb4 14. Rd1 N8c6
15. Nxc6 Nxc6 16. Ne4 e5 17. Qg3 Nxd4 18. Bg5 Qb6 19. Qe3 Bg4 20. Rd2 f6 21.
Qg3 Be6 22. Be3 Rad8 23. Nc3 f5 24. f4 e4 25. Bxe4 fxe4 26. Qf2 Bc4 27. Rad1
Bd3 28. Kh1 Qc7 29. Nxe4 Bxe4 30. Bxd4 Bxd4 31. Rxd4 Rxd4 0-1

[Event "RA Fall op"]
[Site "Ottawa CAN"]
[Date "2019.09.29"]
[Round "5.4"]
[White "Miller, Rachel"]
[Black "Liang, Jason"]
[Result "1-0"]
[WhiteElo "2103"]
[BlackElo "2310"]
[PlyCount "163"]
[EventDate "2019.09.27"]
[EventType "swiss"]
[EventRounds "5"]
[EventCountry "CAN"]

1. e4 c6 2. d4 d5 3. exd5 cxd5 4. Bd3 Nc6 5. c3 Nf6 6. Bf4 g6 7. Nf3 Bg7 8. h3
Bf5 9. Bxf5 gxf5 10. Nbd2 Ne4 11. O-O O-O 12. Ng5 Qd7 13. Qh5 Nxg5 14. Bxg5 f6
15. Bh6 Bxh6 16. Qxh6 e5 17. Nb3 f4 18. Rad1 Qf7 19. dxe5 fxe5 20. Nc5 Rae8 21.
Qd6 Rd8 22. Qe6 Kh8 23. b4 Qg7 24. Qg4 Qxg4 25. hxg4 Rf7 26. f3 b6 27. Nd3 a6
28. a4 Re7 29. Rfe1 Rde8 30. b5 axb5 31. axb5 Na7 32. Nb4 Nxb5 33. Nxd5 Rd7 34.
c4 Na3 35. Nxb6 Rc7 36. Rc1 Re6 37. c5 Nb5 38. Nd5 Rcc6 39. Nb4 Rc8 40. Nd3 Nd4
41. Re4 Rce8 42. Nxf4 Ra6 43. Rce1 Rf8 44. Nd3 Nc2 45. Rc1 Nd4 46. Nxe5 Nb3 47.
Rc2 Rc8 48. c6 Ra1+ 49. Kh2 Kg7 50. Rb4 Re1 51. Nd7 Na1 52. Rc3 Rd1 53. Ne5 Re1
54. Nd3 Re3 55. c7 Rxd3 56. Rxd3 Rxc7 57. Rbd4 Kf8 58. Rd7 Rc8 59. f4 Rc6 60.
R3d6 Rxd6 61. Rxd6 Kf7 62. f5 Nb3 63. Rd7+ Kg8 64. Kh3 Nc5 65. Ra7 Ne4 66. Kh4
Kh8 67. g5 Kg8 68. Kg4 Nd6 69. Kf4 Nb5 70. Rd7 Nc3 71. Ke5 Na4 72. Kf6 h5 73.
gxh6 Nc5 74. Rc7 Nd3 75. Rc8+ Kh7 76. Ke7 Kxh6 77. f6 Ne5 78. f7 Ng6+ 79. Kf6
Kh7 80. f8=Q Nxf8 81. Rxf8 Kh6 82. Rh8# 1-0

[Event "RA Fall op"]
[Site "Ottawa CAN"]
[Date "2019.09.29"]
[Round "5.5"]
[White "Sadeghi, Saeid"]
[Black "Kearnan, Daniel"]
[Result "1-0"]
[WhiteElo "2056"]
[BlackElo "1814"]
[PlyCount "115"]
[EventDate "2019.09.27"]
[EventType "swiss"]
[EventRounds "5"]
[EventCountry "CAN"]

1. d4 Nf6 2. Bg5 e6 3. Nd2 c5 4. e3 h6 5. Bh4 cxd4 6. exd4 Be7 7. Ngf3 Nc6 8.
c3 d6 9. Bd3 Bd7 10. O-O O-O 11. Rc1 Nh5 12. Bxe7 Qxe7 13. Bb1 Rac8 14. Re1 Nf6
15. Ne4 Nxe4 16. Rxe4 f5 17. Re1 Qf6 18. d5 Ne5 19. dxe6 Nxf3+ 20. Qxf3 Bc6 21.
Qg3 Rfe8 22. Qxd6 Rcd8 23. Qf4 Rd5 24. Bc2 g5 25. Qe3 f4 26. Qe4 Re7 27. Qg6+
Qg7 28. Qxg7+ Kxg7 29. Bb3 Rd2 30. Rb1 a5 31. Red1 Rxd1+ 32. Rxd1 a4 33. Bd5
Bxd5 34. Rxd5 Rxe6 35. Kf1 Rb6 36. Rd2 Kf6 37. Ke2 Ke5 38. Kd1 h5 39. Kc2 g4
40. Rd4 Ra6 41. Rb4 b6 42. Rb5+ Ke4 43. Rxh5 g3 44. hxg3 fxg3 45. Rh4+ Kf5 46.
f3 Ra7 47. Kd3 a3 48. b3 Rd7+ 49. Rd4 Re7 50. Rg4 Rd7+ 51. Rd4 Re7 52. Re4 Rd7+
53. Kc2 b5 54. b4 Rd5 55. Rg4 Re5 56. Rxg3 Kf4 57. Rg4+ Ke3 58. Re4+ 1-0

[Event "RA Fall op U1900"]
[Site "Ottawa CAN"]
[Date "2019.09.28"]
[Round "1"]
[White "Kanel, Nikolai"]
[Black "Danilov, Alex"]
[Result "0-1"]
[WhiteElo "1673"]
[BlackElo "1757"]
[PlyCount "138"]
[EventDate "2019.09.27"]
[EventType "swiss"]
[EventRounds "5"]
[EventCountry "CAN"]

1. e4 c5 2. Nf3 g6 3. Nc3 Bg7 4. d4 cxd4 5. Nxd4 Nc6 6. Be3 Qa5 7. Qd2 Nf6 8.
Nb3 Qd8 9. Bh6 O-O 10. Bxg7 Kxg7 11. O-O-O d6 12. h3 Be6 13. Nd4 Nxd4 14. Qxd4
Qb6 15. Kb1 Rac8 16. Nd5 Bxd5 17. exd5 Qc5 18. c3 b5 19. Be2 Qxd4 20. Rxd4 Rc5
21. Rhd1 Rfc8 22. R1d3 a5 23. a3 Rc4 24. Bf3 Rxd4 25. Rxd4 Nd7 26. Re4 Ne5 27.
Be2 Rc5 28. f4 f5 29. Re3 Nc4 30. Bxc4 Rxc4 31. Rxe7+ Kg8 32. Rd7 Rxf4 33. Rxd6
Rf1+ 34. Ka2 Rf2 35. Rd8+ Kf7 36. Rd7+ Kf6 37. Rb7 Rxg2 38. Rxb5 f4 39. Rb6+
Ke7 40. d6+ Kd7 41. c4 f3 42. c5 Rg5 43. Rb7+ Kc6 44. Rc7+ Kb5 45. d7 Rd5 46.
a4+ Kb4 47. c6 Kc5 48. Rc8 f2 49. c7 f1=Q 50. Rb8 Qc4+ 51. Rb3 Qxa4+ 52. Ra3
Qxd7 53. c8=Q+ Qxc8 54. Rc3+ Kd4 55. Rxc8 Ke4 56. Rc4+ Kf5 57. Rh4 h5 58. Rc4
g5 59. Rc8 Re5 60. Rf8+ Ke4 61. Rh8 g4 62. hxg4 hxg4 63. Rf8 Rg5 64. Rf1 g3 65.
Re1+ Kf3 66. Rc1 Kf2 67. Rc8 g2 68. Rc2+ Kg1 69. Rd2 Kh1 0-1

[Event "RA Fall op U1900"]
[Site "Ottawa CAN"]
[Date "2019.09.29"]
[Round "5"]
[White "Laurin, Marcel"]
[Black "Danilov, Alex"]
[Result "0-1"]
[WhiteElo "1660"]
[BlackElo "1757"]
[PlyCount "72"]
[EventDate "2019.09.27"]
[EventType "swiss"]
[EventRounds "5"]
[EventCountry "CAN"]

1. d4 Nf6 2. c4 e6 3. a3 d5 4. Nc3 c6 5. c5 Nbd7 6. Nf3 Be7 7. Bf4 b6 8. b4 Ne4
9. Nxe4 dxe4 10. Nd2 Nf6 11. e3 O-O 12. Qc2 a5 13. cxb6 Qxb6 14. Nc4 Qd8 15.
bxa5 Ba6 16. Nb6 Bxf1 17. Nxa8 Bd3 18. Qd2 Qxa8 19. f3 c5 20. Bc7 cxd4 21. Bb6
dxe3 22. Bxe3 Qd5 23. Kf2 Ra8 24. Rhc1 h6 25. Bb6 Nd7 26. Rc7 Bc5+ 27. Bxc5
Nxc5 28. Qb4 e3+ 29. Kg1 Qe5 30. Qxc5 Qxa1+ 31. Qc1 Qd4 32. g3 Rxa5 33. Rc8+
Kh7 34. Kg2 Rb5 35. Qc7 Rb2+ 36. Kh3 Bf1# 0-1

[Event "RA March op"]
[Site "Ottawa  CAN"]
[Date "2019.03.01"]
[Round "1"]
[White "Demchenko, Svitlana"]
[Black "Han, Johnathan"]
[Result "1-0"]
[WhiteElo "2347"]
[BlackElo "2025"]
[PlyCount "113"]
[EventDate "2019.03.01"]
[EventType "swiss"]
[EventRounds "5"]
[EventCountry "CAN"]

1. e4 c5 2. Nf3 d6 3. d4 cxd4 4. Nxd4 Nf6 5. Nc3 a6 6. Be3 e6 7. f3 Be7 8. Qd2
b5 9. g4 Bb7 10. O-O-O Nc6 11. h4 Rc8 12. g5 Nd7 13. Bh3 Nf8 14. f4 Na5 15. Nb3
Nxb3+ 16. axb3 b4 17. Nd5 exd5 18. Bxc8 Qxc8 19. exd5 Nd7 20. Qxb4 O-O 21. f5
Ne5 22. f6 gxf6 23. gxf6 Bxf6 24. Qxd6 Qd8 25. Rhg1+ Kh8 26. Qb4 Qc8 27. Qf4
Nd7 28. Bd4 Bxd4 29. Qxd4+ f6 30. Qg4 Rf7 31. Rd2 Ne5 32. Qxc8+ Bxc8 33. Rf1
Kg7 34. c4 Kf8 35. c5 Ke7 36. Kc2 Kd7 37. Kc3 Ke7 38. Rdf2 Ng4 39. Rf4 Kd8 40.
Re1 Re7 41. Rxe7 Kxe7 42. d6+ Kf7 43. c6 Ne5 44. d7 Nxd7 45. cxd7 Bxd7 46. Kd4
Ke6 47. Rf2 Ke7 48. Ke4 Kf7 49. Rd2 Ke6 50. Kf4 Ke7 51. Rd5 Be8 52. Rc5 h5 53.
Rc7+ Ke6 54. Rc8 Bb5 55. Rh8 Be2 56. Re8+ Kf7 57. Rxe2 1-0

[Event "RA March op"]
[Site "Ottawa  CAN"]
[Date "2019.03.01"]
[Round "1"]
[White "Doubleday, William"]
[Black "Tomb, Maroun"]
[Result "0-1"]
[WhiteElo "2018"]
[BlackElo "2306"]
[PlyCount "82"]
[EventDate "2019.03.01"]
[EventType "swiss"]
[EventRounds "5"]
[EventCountry "CAN"]

1. d4 Nf6 2. c4 d6 3. Nf3 Nbd7 4. Nc3 e5 5. dxe5 dxe5 6. g3 c6 7. Bg2 Be7 8.
O-O O-O 9. b3 Qc7 10. Bb2 a5 11. Rc1 Nc5 12. Qc2 Re8 13. Nd2 Ne6 14. e3 Bf8 15.
Rfd1 Nd7 16. Na4 f6 17. Be4 g6 18. Bxg6 hxg6 19. Qxg6+ Ng7 20. Ne4 Be7 21. c5
Rf8 22. Nd6 Bxd6 23. cxd6 Qd8 24. Qd3 Rf7 25. Rc4 Nf8 26. Rh4 Nge6 27. Ba3 b5
28. Nc5 Nxc5 29. Bxc5 Be6 30. Qe2 Qd7 31. f4 Ng6 32. Rh6 Rg7 33. Qd3 Bf5 34.
Qf1 Re8 35. Re1 Be4 36. Qh3 Bf5 37. Qf1 Be4 38. Qh3 Qxh3 39. Rxh3 Bf5 40. Rh6
exf4 41. Kf2 Ne5 0-1

[Event "RA March op"]
[Site "Ottawa  CAN"]
[Date "2019.03.01"]
[Round "1"]
[White "Miller, Rachel"]
[Black "Sambuev, Bator"]
[Result "0-1"]
[WhiteElo "2070"]
[BlackElo "2539"]
[PlyCount "102"]
[EventDate "2019.03.01"]
[EventType "swiss"]
[EventRounds "5"]
[EventCountry "CAN"]

1. e4 c5 2. Nc3 g6 3. f4 Bg7 4. Nf3 Nc6 5. Bb5 Nd4 6. O-O Nxb5 7. Nxb5 d6 8. d3
a6 9. Nc3 e6 10. a4 Ne7 11. Qe1 O-O 12. Qh4 Nc6 13. Qxd8 Rxd8 14. Be3 b6 15.
Rad1 Bb7 16. d4 cxd4 17. Nxd4 Na5 18. Rd3 Nc4 19. Bc1 Rac8 20. Nde2 b5 21. axb5
axb5 22. b3 b4 23. Nb5 Bxe4 24. bxc4 Bxd3 25. cxd3 d5 26. c5 Rxc5 27. Nbd4 Ra8
28. Bd2 b3 29. Rb1 Ra2 30. Bc1 Rxc1+ 31. Nxc1 Bxd4+ 32. Kh1 Rd2 33. Nxb3 Rxd3
34. Nxd4 Rxd4 35. g3 Rd2 36. Kg1 Kg7 37. Re1 h6 38. Re5 Kf6 39. h3 g5 40. Re1
gxf4 41. gxf4 Rd4 42. Kf2 Rxf4+ 43. Kg3 e5 44. Ra1 h5 45. h4 Kf5 46. Ra5 d4 47.
Rd5 Ke4 48. Rd8 d3 49. Rd7 Ke3 50. Rd5 f6 51. Kg2 d2 0-1